00930cam a22002654a 4500020001800000020001500018040000800033041000800041082002600049100001700075245004000092246001600132250002000148260005000168300003400218500008500252500004300337500002000380650001500400710003800415710004000453942000700493999001700500952014700517 a9784924971257 a4924971251 cLWU1 hjpn a658 INT 2008 A045 Or.1 aOhga, Norio,10aDoing it our way :ba Sony memoir /30aSony memoir a1st English ed. aTokyo :bInternational House of Japan,c2008. axix, 123 p. :bill. ;c24 cm. aAt head of title: LTCB International Library Trust/International House of Japan. aRev. translation of: Sony no senritsu. aIncludes index. 0aExecutives2 aLTCB International Library Trust.2 aKokusai Bunka Kaikan (Tokyo, Japan) cEK c13297d13297 0010406658_000000000000000_INT_2008_A045_OR70964064aLBAbLBAcA045d2017-08-23o658 INT 2008 A045 Or.pA19994r2017-08-23w2017-08-23yEK